Nationalities by Country - Statistics

General Stats
  • This quiz has been taken 63 times
  • The average score is 8 of 15
Answer Stats
Hint Answer % Correct
Denmark Danish
89%
Peru Peruvian
89%
Thailand Thai
89%
Haiti Haitian
79%
Ecuador Ecuadorian
71%
El Salvador Salvadorian
68%
Paraguay Paraguayan
63%
Grenada Grenadian
50%
Burundi Burundian
42%
United Arab Emirates Emirati
42%
Ghana Ghanaian
42%
San Marino Sanmarinese
26%
Equatorial Guinea Equatoguinean
21%
Seychelles Seychellois(e)
16%
Trinidad and Tobago Trinbagonian / Trinis
8%
No matching quizzes found
Score Distribution
Percent of People with Each Score
Percentile by Number Answered
Your Score History
You have not taken this quiz